Sobre las manifestaciones del arte rupestre en Finlandia / por Milton G. Núñez
Descripción Física:
p. 53-78 : il. ; 27 cm
Colección:
Monografies ; 63
MARC
| LEADER | 00000nam a2200000Ia 4500 | ||
|---|---|---|---|
| 001 | 7835 | ||
| 008 | 160829s1981 xx 000 0 cat d | ||
| 080 | |a FU-21-46 | ||
| 100 | |a Núñez, Milton G. |9 32321 | ||
| 245 | |a Sobre las manifestaciones del arte rupestre en Finlandia / por Milton G. Núñez | ||
| 260 | |a Barcelona : |b Diputació. Institut de Prehistòria i Arqueologia, |c 1981 | ||
| 300 | |a p. 53-78 : |b il. ; |c 27 cm | ||
| 490 | |a Monografies ; 63 | ||
| 590 | |a Separata d'Ampurias ; 43 | ||
| 650 | |a Pintura rupestre |x Finlàndia |9 32322 | ||
| 650 | |a Art prehistòric |x Finlàndia |9 32323 | ||
| 650 | |a Finlàndia |x Arqueologia |9 32324 | ||
| 710 | 2 | |a Institut de Prehistòria i Arqueologia (Barcelona, Catalunya) |9 52785 | |
| 901 | |a Arxiu | ||
| 942 | |n 1 | ||
| 952 | |0 0 |1 0 |4 0 |6 FU2146 |7 1 |9 45945 |a Arxiu |b Arxiu |d 2016-12-01 |l 0 |o FU-21-46 |p 7835 |r 2016-12-01 00:00:00 |w 2016-12-01 |y ARXIU | ||
| 999 | |c 49446 |d 49446 | ||